1595 1534 1563 1268 1172 1007 1111 1457 1909 1849 1709 1629 1604 1351 1311 1505 1259 1205 1213 1500 1509 1368 1654 1516 1593 1884 1790 1791 1264 1372 1212 1481 1917 1293 1158 1517 1299 1287 1710 1516 1168 1604 1913 1351 1536 1752 1602 1220 1919 1649 1305 1745 1049 1558 1835 1062 1473 1961 1061 1563 1035 1347 1548 1155 1079 1544 1970 1989 1320 1779 1620 1158 1508 1478 1431 1168 1356 1103 1082 1371 1063 1546 1202 1051 1080 1678 1673 1793 1955 1752 1312 1853 1435 1573 1214 1678 1859 1310 1759 BCNSPRNW ULIB Ver.6.0+V

เปลี่ยนเป็นภาษาไทย

Change to English
 แสดงรายละเอียดบรรณานุกรม
  กลับหน้าหลัก

Brief Record : Get Marc (ISO 2709) : E-mail record : QR code < ปิดหน้าต่าง
LEADER : 00000nam 2200000uu 4500
001    13399113660
003     ULIB
008    020711s2550 th a 000 0 tha d
020    ^a9789748102153
090    ^aนว.^bล514ม 2550
100    ^aลิฬวรา
245    ^aมา(ร)ยา/^cลิฬวรา
250    ^aพิมพ์ครั้งที่ 1
260    ^aกรุงเทพฯ :^bพิมพ์คำ,^c2550
300    ^a430 หน้า
945    ^p250^l0^i022013
999 ^a ใช้งานได้ทุกระบบ
รายการนี้ยังไม่มีแท็ก
คุณยังไม่ได้ล็อกอิน คุณสามารถมีกิจกรรมร่วมกับเว็บไซต์ได้ แต่ต้องล็อกอินก่อน ::
  ล็อกอิน

รายการสื่อสารสนเทศ

ลำดับที่ ประเภท เลขเรียก/บาร์โค้ด สถานที่ สถานะ
1. นวนิยาย
นวนิยาย
นว. ล514ม 2550 ฉ.1 
  Barcode: 022013
ห้องสมุดวิทยาเขตสวรรค์ประชารักษ์
►นวนิยาย
บนชั้น
  ขอยืม

BibComment


ยังไม่เคยถูกคอมเมนท์

คอมเมนท์ทรัพยากรรายการนี้
  คอมเมนท์: มารยา ลิฬวรา


 Copyright 2026. Bcnsprnw @Library